[Event "NED-ch47 sf"]
[Site "Enschede"]
[Date "1991.11.08"]
[Round "4"]
[White "Knoppert, Erik"]
[Black "Klarenbeek, Hans"]
[Result "1/2-1/2"]
[WhiteElo "2345"]
[BlackElo "2370"]
[PlyCount "125"]
[EventDate "1991.11.01"]
[EventType "swiss"]
[EventRounds "9"]
[EventCountry "NED"]
[SourceTitle "EXT 1997"]
[Source "ChessBase"]
[SourceDate "1996.11.15"]
[SourceVersion "1"]
[SourceVersionDate "1996.11.15"]
[SourceQuality "1"]

1. e4 c5 2. Nf3 d6 3. d4 cxd4 4. Nxd4 Nf6 5. Nc3 e6 6. f4 Nc6 7. Nf3 Be7 8. Bd3 Qc7 9. 0-0 a6 10. Qe1 Nb4 11. e5 Nxd3 12. cxd3 Nd7 13. Kh1 0-0 14. Ne4 Nc5 15. Qc3 Qc6 16. Be3 Nxe4 17. Qxc6 Ng3+ 18. hxg3 bxc6 19. Rac1 Bd7 20. exd6 Bxd6 21. Bc5 Bxc5 22. Rxc5 Rfd8 23. Kg1 Be8 24. d4 Rdb8 25. Rf2 f6 26. g4 Rb5 27. Rfc2 Kf8 28. Kf2 Ke7 29. f5 Bd7 30. Re2 Rxc5 31. dxc5 e5 32. b3 Rb8 33. Re4 a5 34. Ke3 h5 35. Nh4 Rb5 36. gxh5 Rxc5 37. Kd2 Be8 38. g4 Rd5+ 39. Kc2 c5 40. Nf3 Bb5 41. Re3 Kd6 42. g5 Bd7 43. Kc3 fxg5 44. Nxg5 Bxf5 45. h6 gxh6 46. Nf7+ Ke6 47. Nxh6 Bb1 48. Ng4 Kf5 49. Nf2 Bxa2 50. Re1 a4 51. bxa4 Rd4 52. Nd3 e4 53. Rf1+ Kg4 54. Nxc5 Rc4+ 55. Kb2 Rxc5 56. Kxa2 e3 57. Kb3 e2 58. Re1 Kf3 59. Kb4 Rd5 60. a5 Rd1 61. Rxe2 Kxe2 62. a6 Kd3 63. Kc5 1/2-1/2

[Event "Caorle op-A"]
[Site "Caorle"]
[Date "1991.07.07"]
[Round "3.3"]
[White "Klarenbeek, Hans"]
[Black "Mohr, Georg"]
[Result "1/2-1/2"]
[WhiteElo "2370"]
[BlackElo "2465"]
[PlyCount "126"]
[EventDate "1991.07.05"]
[EventType "swiss"]
[EventRounds "9"]
[EventCountry "ITA"]
[SourceTitle "EXT 2023"]
[Source "ChessBase"]
[SourceDate "2022.10.05"]
[SourceVersion "1"]
[SourceVersionDate "2022.10.05"]
[SourceQuality "1"]

1. d4 Nf6 2. Nf3 g6 3. c4 Bg7 4. Nc3 0-0 5. e4 d6 6. Be2 Bg4 7. Be3 Nfd7 8. Ng1 Bxe2 9. Ngxe2 e5 10. 0-0 exd4 11. Nxd4 Nc6 12. Qd2 Nc5 13. Rad1 Ne5 14. Qe2 Qh4 15. f3 a5 16. Bf2 Qg5 17. Nd5 c6 18. f4 Qd8 19. fxe5 cxd5 20. exd5 Bxe5 21. Nf3 Bg7 22. Bxc5 dxc5 23. b3 a4 24. Qf2 axb3 25. axb3 Qb6 26. Rd3 Ra3 27. Kh1 h6 28. h4 Qd6 29. Nd2 Ra2 30. Qf4 Qxf4 31. Rxf4 f5 32. Rf1 Re8 33. d6 Rd8 34. Nf3 Ra6 35. Rd5 Raxd6 36. Rxc5 Rb6 37. Rb1 Bf8 38. Re5 Rd3 39. h5 Rdxb3 40. Rbe1 Rb1 41. hxg6 Rxe1+ 42. Rxe1 Rxg6 43. Rb1 b6 44. Nd4 Bc5 45. Nxf5 Rg5 46. g4 Kh7 47. Re1 Rxg4 48. Re6 Rg1+ 49. Kh2 Rg6 50. Re4 Rf6 51. Ne7 Rf2+ 52. Kg3 Rd2 53. Kg4 Rd8 54. Nd5 b5 55. Nc7 b4 56. Na6 Rc8 57. Kf3 Kg6 58. Re6+ Kg7 59. Ke2 Bf8 60. Kd3 Rd8+ 61. Ke4 b3 62. Rb6 Ra8 63. Nc7 Ra4 1/2-1/2

[Event "NED-ch46 sf"]
[Site "Enschede"]
[Date "1990.11.17"]
[Round "5"]
[White "Van Mil, Johan"]
[Black "Klarenbeek, Hans"]
[Result "1-0"]
[WhiteElo "2445"]
[BlackElo "2360"]
[PlyCount "99"]
[EventDate "1990.11.02"]
[EventType "swiss"]
[EventRounds "9"]
[EventCountry "NED"]
[SourceTitle "EXT 2002"]
[Source "ChessBase"]
[SourceDate "2001.11.25"]
[SourceVersion "1"]
[SourceVersionDate "2001.11.25"]
[SourceQuality "1"]

1. e4 c5 2. Nf3 d6 3. d4 cxd4 4. Nxd4 Nf6 5. Nc3 e6 6. f4 Nc6 7. Nf3 Be7 8. Bd3 e5 9. 0-0 exf4 10. Bxf4 Be6 11. Kh1 h6 12. Qe1 d5 13. Nb5 Rc8 14. e5 Nd7 15. Qg3 g5 16. Be3 g4 17. Nfd4 Ndxe5 18. Nxa7 Ra8 19. Naxc6 Nxc6 20. Nxe6 fxe6 21. Qxg4 Kd7 22. Rad1 Qa5 23. Bf5 Nd8 24. c4 h5 25. Qg7 Rf8 26. Rxd5+ Qxd5 27. cxd5 exf5 28. d6 Rf7 29. Qg6 Ra6 30. Rd1 Rxd6 31. Rxd6+ Bxd6 32. Bg5 Be7 33. Bxe7 Kxe7 34. Qxh5 Ne6 35. Qf3 Kf6 36. Qc3+ Kg6 37. Qe5 Ng5 38. h4 Ne4 39. Kh2 Nf6 40. Qe6 Rc7 41. Kh3 Rc6 42. Qe3 Ne4 43. g4 Rd6 44. h5+ Kf6 45. Kh4 Rd2 46. Qb6+ Ke5 47. Qc7+ Ke6 48. Qf4 Rf2 49. gxf5+ Kd5 50. Qxf2 1-0